Imiona męskie z końcówką -SŁAW - Statystyki

Ogólne statystyki
  • Ten quiz został rozwiązany 60 razy
    7 od ostatniego zresetowania
  • Średni wynik to 14 z 77
Statystyki odpowiedzi
Odpowiedź % Poprawnych
Stanisław
100%
Bogusław
83%
Bolesław
83%
Bronisław
83%
Czesław
83%
Jarosław
83%
Lesław
83%
Dobrosław
67%
Mieczysław
67%
Mirosław
67%
Wiesław
67%
Zdzisław
67%
Przemysław
50%
Radosław
50%
Władysław
50%
Lechosław
33%
Światosław
33%
Świętosław
33%
Tomisław
33%
Zbysław
33%
Bratysław
17%
Imisław
17%
Krzysław
17%
Lutosław
17%
Miłosław
17%
Sławosław
17%
Wisław
17%
Witosław
17%
Wojsław
17%
Żelisław
17%
Bogumysław
0%
Borzysław
0%
Chwalisław
0%
Ciechosław
0%
Cieszysław
0%
Dardzisław
0%
Domosław
0%
Dzierżysław
0%
Dziwisław
0%
Godzisław
0%
Gromisław
0%
Gromosław
0%
Grzymisław
0%
Janisław
0%
Krzesisław
0%
Marcisław
0%
Minisław
0%
Mroczysław
0%
Mścisław
0%
Mysław
0%
Namysław
0%
Niegosław
0%
Osięgnisław
0%
Pakosław
0%
Pęcisław
0%
Przybysław
0%
Racisław
0%
Radzisław
0%
Rościsław
0%
Rosław
0%
Sędzisław
0%
Sięgnisław
0%
Sierosław
0%
Sobiesław
0%
Stosław
0%
Sulisław
0%
Tolisław
0%
Uniesław
0%
Warcisław
0%
Więcesław
0%
Wielisław
0%
Włodzisław
0%
Wszesław
0%
Zbrosław
0%
Zbyrosław
0%
Zdobysław
0%
Żirosław
0%
Nie znaleziono quizów pasujących do podanych kryteriów
Rozkład punktacji
Procent ludzi z każdym wynikiem
Percentyl według liczby udzielonych odpowiedzi
Twoja historia wyników
Nie rozwiązałeś tego quizu od ostatniego zresetowania